| 000 | 00893nas a2200301 4500 | ||
|---|---|---|---|
| 001 | BR2015001585 | ||
| 003 | BR-BrBNA | ||
| 005 | 20231205125123.0 | ||
| 007 | ta | ||
| 008 | 230509b bl.|||p| |||| 00| 00por d | ||
| 040 |
_aBR-BrBNA _bpor _cBiblioteca Nacional de Agricultura |
||
| 041 | _a(Pt) | ||
| 072 | _aQ04 | ||
| 100 | 1 | _aLeonel, M. | |
| 100 | 1 | _aOliveira, M.A. de | |
| 100 | 1 | _aDuarte Filho, J. | |
| 245 | 1 | _aEspécies tuberosas tropicais como matérias-primas amiláceas | |
| 650 | _aAMIDO | ||
| 650 | _aTUBERCULO | ||
| 650 | _aPROCESSAMENTO | ||
| 650 | _aALIMENTO | ||
| 650 | _aRAIZ | ||
| 650 | _aRIZOMA | ||
| 773 | 0 |
_tRevista Raízes e Amidos Tropicais (Brazil) _xISSN 1808-981X _g(2005), v. 1 p. 49-68 _wBR2015001585 |
|
| 856 | 4 | 0 | _uhttp://energia.fca.unesp.br/index.php/rat/article/view/1636/891 |
| 909 |
_a202311 _bLúcia _c55 _dLúcia Elande |
||
| 942 |
_2AGRIS _n0 _cANA |
||
| 999 |
_c242748 _d242748 |
||